MARC

LEADER 00000nam0a2200000 4500
001 31998
005 20231030204707.0
010 |a 576150071X 
035 |a (RuTPU)RU\TPU\book\32293 
035 |a BOOK00000372 
090 |a 31998 
100 |a 20011210d1991 km y0rusy50 ca 
101 0 |a rus 
102 |a RU 
105 |a a j 001zy 
200 1 |a Физика сплошных сред в задачах  |e учебное пособие  |f Г. Е. Векштейн 
210 |a Новосибирск  |c Изд-во НГУ  |d 1991 
215 |a 171 с.  |c ил. 
320 |a Библиогр.: с. 171. 
610 1 |a физика 
610 1 |a механика 
610 1 |a сплошные среды 
610 1 |a электродинамика 
610 1 |a задачи 
610 1 |a решение 
610 1 |a учебные пособия 
675 |a 531/534(076)  |v 3 
700 1 |a Векштейн  |b Г. Е.  |g Григорий Ефимович 
801 0 |a RU  |b 63413507  |c 20011210  |g PSBO 
801 2 |a RU  |b 63413507  |c 20170111  |g PSBO 
942 |c BK